| 000 | 00493nam a22001815i 4500 | ||
|---|---|---|---|
| 001 | 53241 | ||
| 003 | ES-MaACL | ||
| 005 | 20230906162730.0 | ||
| 007 | t| | ||
| 008 | 950911s1858 fr ||||1| fre d | ||
| 040 |
_aCAM _bspa _cCAM |
||
| 100 | 1 |
_aDupont-White, Charles ( _d1807-1878) _9126877 |
|
| 245 | 1 | 2 |
_aL'individu et l'Etat / _cpar Dupont-White. |
| 250 | _a2e éd. | ||
| 260 |
_aParis : _bGuillaumin et Cie., _c1858. |
||
| 300 |
_aLXIV, 368 p. ; _c23 cm. |
||
| 852 |
_aES-MaACL _jG-9578 |
||
| 999 |
_c53241 _d53241 |
||